Power system analysis (Record no. 1347)

000 -LEADER
fixed length control field 00590nam a2200229 a 4500
001 - CONTROL NUMBER
control field 1347
003 - CONTROL NUMBER IDENTIFIER
control field BD-DhUET
008 - FIXED-LENGTH DATA ELEMENTS--GENERAL INFORMATION
fixed length control field 931008s1994 nyua 001 0 eng
020 ## - INTERNATIONAL STANDARD BOOK NUMBER
International Standard Book Number 0070585156
020 ## - INTERNATIONAL STANDARD BOOK NUMBER
International Standard Book Number 0071133380
040 ## - CATALOGING SOURCE
Original cataloging agency DLC
Transcribing agency DLC
Modifying agency BD-DhUET
082 00 - DEWEY DECIMAL CLASSIFICATION NUMBER
Classification number 623.19
Item number GRA/1994
100 1# - MAIN ENTRY--PERSONAL NAME
Personal name Grainger, John J.
245 10 - TITLE STATEMENT
Title Power system analysis
250 ## - EDITION STATEMENT
Edition statement 1st ed.
260 ## - PUBLICATION, DISTRIBUTION, ETC. (IMPRINT)
Place of publication, distribution, etc. New York
Name of publisher, distributor, etc. McGraw-Hill
Date of publication, distribution, etc. 1994
300 ## - PHYSICAL DESCRIPTION
Extent xix, 787 p.
Other physical details ill.
504 ## - BIBLIOGRAPHY, ETC. NOTE
Bibliography, etc Includes bibliographies
650 #0 - SUBJECT ADDED ENTRY--TOPICAL TERM
Topical term or geographic name as entry element Electric power systems-Management
700 1# - ADDED ENTRY--PERSONAL NAME
Personal name Stevenson, William D.
942 ## - ADDED ENTRY ELEMENTS (KOHA)
Koha item type General Book
Holdings
Date acquired Koha item type Withdrawn status Location (home branch) Koha date last seen Koha issues (times borrowed) Damaged status Koha out on loan Not for loan Source of classification or shelving scheme Piece designation (barcode) Copy number Koha date last borrowed Price effective from Sublocation or collection (holding branch) Koha full call number Shelving location Koha normalized classification for sorting Lost status Koha renewals
2014-09-03General Book Central Library, BUET2024-06-015    10396012024-03-042014-09-03Central Library, BUET623.19/GRA/1994Circulation section623_000000000000000_19GRA1994  
2014-09-03General Book Central Library, BUET2020-01-141    10396122019-05-062014-09-03Central Library, BUET623.19/GRA/1994Circulation section623_000000000000000_19GRA1994  
2014-09-03General Book Central Library, BUET2025-11-033    10396232025-07-132014-09-03Central Library, BUET623.19/GRA/1994Circulation section623_000000000000000_19GRA1994 1
2014-09-03General Book Central Library, BUET2025-04-221    10396342019-10-212014-09-03Central Library, BUET623.19/GRA/1994Circulation section623_000000000000000_19GRA1994  
2014-09-03General Book Central Library, BUET2023-11-271 2023-12-11  10396452023-11-272014-09-03Central Library, BUET623.19/GRA/1994Circulation section623_000000000000000_19GRA1994  
2014-09-03General Book Central Library, BUET2016-01-26     1039656 2014-09-03Central Library, BUET623.19/GRA/1994Circulation section623_000000000000000_19GRA1994  
2014-09-03General Book Central Library, BUET2021-12-131    10396672021-02-132014-09-03Central Library, BUET623.19/GRA/1994Circulation section623_000000000000000_19GRA1994 2
2014-09-03General Book Central Library, BUET2022-02-062 2023-02-06  10396782022-02-062014-09-03Central Library, BUET623.19/GRA/1994Circulation section623_000000000000000_19GRA1994  
2014-09-03General Book Central Library, BUET2025-05-035 2025-05-17  10396892025-05-032014-09-03Central Library, BUET623.19/GRA/1994Circulation section623_000000000000000_19GRA1994  
2015-06-21Reading Item Central Library, BUET2015-06-21     8952910 2015-06-21Central Library, BUET623.19/GRA/1994Reading section623_190000000000000_GRA_1994  
2015-06-21Reading Item Central Library, BUET2015-06-21     9113811 2015-06-21Central Library, BUET623.19/GRA/1994Reading section623_190000000000000_GRA_1994  
2015-07-02Reading Item Central Library, BUET2015-07-02     9077712 2015-07-02Central Library, BUET623.19/GRA/1994Reading section623_190000000000000_GRA_1994